00521nam a2200181 a 4500001001300000003000900013005001700022008004100039020000900080082001600089100002600105245003100131260003800162500003500200505000800235505007300243650002300316nice12345678IN_TiNIC20260116011639.0050524s1974 luca grp 000 0 eng  ac2800a297.4bNAD4 aNadwi, Abul Hasan Ali aSaviours of Islamic Script aLucknowbAcademy of Islamicc1974 aincludes index and biblioraphy2 aill2 aill00gV1.tSaviours of Islamic Script.--gV2.tSaviours of Islamic  aSufism-Hagiography